Представление документа в формате RUSMARC

ПолеНазваниеЗначение
  Тип записи a
  Библиографический уровень c
001 Контрольный номер RU\NLR\BIBL_A\011721118
005 Дата корректировки 20201221125734.0
010 Индекс ISBN __
a ISBN 978-5-9922-2667-6 (в пер.)
d Цена 746-68, 3000 экз.
100 Данные общей обработки __
a Данные общей обработки 19200917d2018||||||| 0rusy0189 ca
101 Язык документа 0_
a Язык текста rus
102 Страна публикации __
a Страна публикации RU|
102 Страна публикации __
a Страна публикации RU
105 Кодированные данные (монография) __
a Кодированные данные (монография) c|||||||0|0zy
200 Заглавие и сведения об ответственности 1_
a Заглавие Полное издание в одном томе
e Сведения, относящиеся к заглавию трилогия
f Первые сведения об ответственности Константин Симонов
203 Вид содержания и тип средства __
a Вид содержания Текст
c Тип средства непосредственный
210 Выходные данные __
a Место издания Москва
c Издательство Альфа-книга
d Дата издания 2018
215 Физическое описание __
a Объем 1278, [1] с.
c Иллюстрации/тип воспроизводства портр.
d Формат 22 см
225 Серия __
a Серия Полное издание в одном томе
300 Общие примечания __
a Общие примечания На титульном листе заглавие: Живые и мертвые
327 Примечание о содержании __
a Примечание о содержании Живые и мертвые
327 Примечание о содержании __
a Примечание о содержании Солдатами не рождаются
327 Примечание о содержании __
a Примечание о содержании Последнее лето
330 Аннотация __
a Аннотация В одном томе публикуется ярчайшее произведение о событиях Великой Отечественной войны, созданное известным российским писателем, поэтом и драматургом Константином Симоновым (1915-1979), - трилогия "Живые и мертвые": "Живые и мертвые", "Солдатами не рождаются" и "Последнее лето".
333 Примечание о целевом назначении __
a Примечание о целевом назначении 12+. Для детей старше 12 лет
606 Тематические рубрики __
a Основная рубрика Художественная литература
606 Тематические рубрики __
a Основная рубрика Русская литература XX в. (произведения)
610 Ключевые слова __
a Ключевые слова патриотическая тема
610 Ключевые слова __
a Ключевые слова романы
610 Ключевые слова __
a Ключевые слова экранизации
610 Ключевые слова __
a Ключевые слова экранизированные книги
610 Ключевые слова __
a Ключевые слова военная проза
610 Ключевые слова __
a Ключевые слова трилогии
610 Ключевые слова __
a Ключевые слова советская литература
610 Ключевые слова __
a Ключевые слова тема Великой Отечественной войны
610 Ключевые слова __
a Ключевые слова тема войны
610 Ключевые слова __
a Ключевые слова тема долга
610 Ключевые слова __
a Ключевые слова тема мужества
610 Ключевые слова __
a Ключевые слова тема патриотизма
610 Ключевые слова __
a Ключевые слова битва за Сталинград
686 Индексы других классификаций __
2 Код системы rubbks
a Классификационный индекс 84(2=411.2)6-4; ст84(2=411.2)6-4
700 Автор _1
a Фамилия Симонов
b Имя К. М.
f Даты 1915-1979
g Полное личное имя Константин Михайлович
4 Код отношения 070
801 Источник записи _0
a Страна RU
b Организация NLR
c Дата составления 20200917
g Правила каталогизации PSBO
801 Источник записи _2
a Страна RU
b Организация Муниципальное бюджетное учреждение культуры "Централизованная библиотечная система" г. Сургут (Центральная городская библиотека им. А. С. Пушкина)
c Дата составления 20200917
852 Данные о местонахождении __
j Шифр хранения 84(2=411.2)6-4
i Авторский знак С 37
901 Тип документа __
a Ответственный КиК/Мамарузиева
t Тип документа x
903 Характеристики (МАРС) __
a Дата передачи 20200917
911 __
u 336a=Текст
911 __
u 337a=непосредственный
990 Данные о заказе (DOS) __
j Количество экземпляров (DOS) 2
t N записи в КСУ для И/У (DOS) 202007